Clubes de la Premier por el aforo de sus estadios - Estadísticas

Estadísticas generales
  • Esta prueba ha sido intentada 20 veces
  • La puntuación promedio es 13 de 20
Estadísticas de respuestas
Aforo Respuesta % Correcto
74,140 Manchester United
94%
60,355 Arsenal
88%
55,017 Manchester City
88%
54,074 Liverpool
81%
60,000 West Ham
81%
62,850 Tottenham
75%
11,464 Bournemouth
69%
40,834 Chelsea
69%
52,888 Everton
69%
22,546 Burnley
63%
25,700 Fulham
63%
52,000 Newcastle
63%
42,788 Aston Villa
56%
17,250 Brentford
56%
32,050 Wolverhampton Wanderers
56%
25,486 Crystal Palace
50%
49,000 Sunderland
50%
31,800 Brighton
44%
37,792 Leeds
44%
30,445 Nottingham Forest
38%
No se encontraron pruebas coincidentes
Distribución de puntuación
Porcentaje de gente con cada puntuación
Porcentaje por número respondido
Historial de tus puntuaciones
No has intentado esta prueba.